[Event "Hunan Belt and Road Open 2019"]
[Site "Hunan"]
[Date "2019.07.29"]
[Round "1.13"]
[White "Motylev, Alexander"]
[Black "Peng, Xiongjian"]
[Result "1/2-1/2"]
[WhiteElo "2654"]
[BlackElo "2467"]
[Annotator "ChessBase"]
[PlyCount "59"]
[EventDate "2019.07.29"]
[EventType "swiss"]
[EventCountry "CHN"]
[SourceTitle "playchess.com"]
[Source "ChessBase"]
[SourceQuality "1"]
[TimeControl "5400+30"]

1. e4 {[%emt 0:00:00]} e5 {[%emt 0:00:00]} 2. Nf3 {[%emt 0:00:00]} Nc6 {[%emt 0:00:00]} 3. Bb5 {[%emt 0:00:00]} a6 {[%emt 0:00:04]} 4. Ba4 {[%emt 0:00:00]} Nf6 {[%emt 0:00:07]} 5. O-O {[%emt 0:00:00]} Bc5 {[%emt 0:00:04]} 6. c3 {[%emt 0:00:24]} b5 {[%emt 0:00:11]} 7. Bc2 {[%emt 0:00:06]} d5 {[%emt 0:00:11]} 8. d4 {[%emt 0:00:07]} dxe4 {[%emt 0:00:39]} 9. Nxe5 {[%emt 0:00:23]} Nxe5 {[%emt 0:01:49]} 10. dxc5 {[%emt 0:00:05]} Bg4 {[%emt 0:27:10]} 11. Qxd8+ {[%emt 0:03:15]} Rxd8 {[%emt 0:00:10]} 12. Bf4 {[%emt 0:03:00]} Rd5 {[%emt 0:03:49]} 13. Nd2 {[%emt 0:09:31]} Be2 {[%emt 0:04:54]} 14. Rfe1 {[%emt 0:12:01]} Nd3 {[%emt 0:00:15]} 15. Bxd3 {[%emt 0:02:17]} exd3 {[%emt 0:00:20]} 16. b4 {[%emt 0:03:12]} Kd7 {[%emt 0:00:26]} 17. a4 {[%emt 0:00:49]} g5 {[%emt 0:05:09]} 18. Bxc7 {[%emt 0:18:29]} Re8 {[%emt 0:15:07]} 19. f3 {[%emt 0:22:24]} Kxc7 {[%emt 0:04:30]} 20. axb5 {[%emt 0:00:05]} axb5 {[%emt 0:04:05]} 21. Ra7+ {[%emt 0:00:38]} Kb8 {[%emt 0:00:07]} 22. Rea1 {[%emt 0:08:07]} Rd7 {[%emt 0:00:30]} 23. R7a6 {[%emt 0:01:25]} Re6 {[%emt 0:01:50]} 24. Ra8+ {[%emt 0:00:55]} Kc7 {[%emt 0:01:20]} 25. c4 {[%emt 0:00:49]} Re8 {[%emt 0:03:39]} 26. R1a7+ {[%emt 0:04:56]} Kc6 {[%emt 0:00:07]} 27. Ra6+ {[%emt 0:03:07]} Kc7 {[%emt 0:00:10]} 28. R6a7+ {[%emt 0:06:48]} Kc6 {[%emt 0:00:06]} 29. Ra6+ {[%emt 0:00:22]} Kc7 {[%emt 0:00:01]} 30. R6a7+ {[%emt 0:00:33]} 1/2-1/2

[Event "Hunan Belt and Road Open 2019"]
[Site "Hunan"]
[Date "2019.07.29"]
[Round "1.14"]
[White "Yu, Ruiyuan"]
[Black "Lupulescu, Constantin"]
[Result "1/2-1/2"]
[WhiteElo "2464"]
[BlackElo "2649"]
[Annotator "ChessBase"]
[PlyCount "59"]
[EventDate "2019.07.29"]
[EventType "swiss"]
[EventCountry "CHN"]
[SourceTitle "playchess.com"]
[Source "ChessBase"]
[SourceQuality "1"]
[TimeControl "5400+30"]

1. e4 {[%emt 0:00:00]} e6 {[%emt 0:00:00]} 2. d4 {[%emt 0:00:00]} d5 {[%emt 0:00:00]} 3. Nd2 {[%emt 0:00:36]} c5 {[%emt 0:00:00]} 4. exd5 {[%emt 0:00:07]} Qxd5 {[%emt 0:00:00]} 5. Ngf3 {[%emt 0:00:11]} cxd4 {[%emt 0:00:00]} 6. Bc4 {[%emt 0:00:07]} Qd7 {[%emt 0:00:17]} 7. O-O {[%emt 0:00:08]} Nc6 {[%emt 0:00:07]} 8. Nb3 {[%emt 0:00:14]} a6 {[%emt 0:00:25]} 9. Nbxd4 {[%emt 0:02:29]} Nxd4 {[%emt 0:00:38]} 10. Nxd4 {[%emt 0:07:37]} Qc7 {[%emt 0:00:09]} 11. Bb3 {[%emt 0:00:06]} Bd6 {[%emt 0:00:43]} 12. Re1 {[%emt 0:01:02]} Nf6 {[%emt 0:01:58]} 13. Nf5 {[%emt 0:01:22]} Bxh2+ {[%emt 0:02:10]} 14. Kh1 {[%emt 0:00:05]} O-O {[%emt 0:00:23]} 15. Nxg7 {[%emt 0:00:12]} Rd8 {[%emt 0:01:06]} 16. Qf3 {[%emt 0:00:09]} Kxg7 {[%emt 0:00:10]} 17. Bh6+ {[%emt 0:00:08]} Kg6 {[%emt 0:00:10]} 18. c3 {[%emt 0:00:56]} Nh5 {[%emt 0:03:42]} 19. Bc1 {[%emt 0:05:57]} Bf4 {[%emt 0:06:47]} 20. g4 {[%emt 0:00:39]} Ng3+ {[%emt 0:01:52]} 21. fxg3 {[%emt 0:00:03]} Bxc1 {[%emt 0:00:07]} 22. Raxc1 {[%emt 0:00:07]} b6 {[%emt 0:00:39]} 23. Bc2+ {[%emt 0:00:05]} Kg7 {[%emt 0:00:11]} 24. Be4 {[%emt 0:00:06]} Rb8 {[%emt 0:04:18]} 25. Rc2 {[%emt 0:03:20]} Bb7 {[%emt 0:01:12]} 26. Rh2 {[%emt 0:00:11]} Bxe4 {[%emt 0:01:12]} 27. Qxe4 {[%emt 0:00:04]} Qb7 {[%emt 0:00:41]} 28. Rxh7+ {[%emt 0:00:09]} Kg8 {[%emt 0:00:46]} 29. Qxb7 {[%emt 0:00:27]} Rxb7 {[%emt 0:00:03]} 30. Rh2 {[%emt 0:00:07]} 1/2-1/2

[Event "Hunan Belt and Road Open 2019"]
[Site "Hunan"]
[Date "2019.07.29"]
[Round "1.15"]
[White "Ganguly, Surya Shekhar"]
[Black "Taher, Yoseph Theolifus"]
[Result "1-0"]
[WhiteElo "2638"]
[BlackElo "2460"]
[Annotator "ChessBase"]
[PlyCount "139"]
[EventDate "2019.07.29"]
[EventType "swiss"]
[EventCountry "CHN"]
[SourceTitle "playchess.com"]
[Source "ChessBase"]
[SourceQuality "1"]
[TimeControl "5400+30"]

1. c4 {[%emt 0:00:00]} c5 {[%emt 0:00:44]} 2. Nf3 {[%emt 0:00:00]} Nc6 {[%emt 0:00:15]} 3. d4 {[%emt 0:00:17]} cxd4 {[%emt 0:00:24]} 4. Nxd4 {[%emt 0:00:07]} g6 {[%emt 0:00:20]} 5. e4 {[%emt 0:00:43]} Bg7 {[%emt 0:00:08]} 6. Be3 {[%emt 0:00:06]} Nf6 {[%emt 0:00:11]} 7. Nc3 {[%emt 0:00:06]} O-O {[%emt 0:00:55]} 8. Be2 {[%emt 0:00:11]} d6 {[%emt 0:00:24]} 9. O-O {[%emt 0:00:07]} a5 {[%emt 0:00:48]} 10. Ndb5 {[%emt 0:01:57]} Nd7 {[%emt 0:05:21]} 11. Qd2 {[%emt 0:05:29]} Nc5 {[%emt 0:00:59]} 12. Rad1 {[%emt 0:00:32]} a4 {[%emt 0:03:17]} 13. f4 {[%emt 0:02:08]} Qa5 {[%emt 0:01:25]} 14. e5 {[%emt 0:04:16]} Rd8 {[%emt 0:09:49]} 15. Nd5 {[%emt 0:04:03]} Qxd2 {[%emt 0:01:16]} 16. Rxd2 {[%emt 0:00:07]} Ne4 {[%emt 0:00:33]} 17. Rdd1 {[%emt 0:00:56]} dxe5 {[%emt 0:09:13]} 18. Nxe7+ {[%emt 0:14:46]} Kf8 {[%emt 0:00:13]} 19. Rxd8+ {[%emt 0:02:58]} Nxd8 {[%emt 0:00:05]} 20. Nc7 {[%emt 0:00:23]} Rb8 {[%emt 0:03:03]} 21. Ba7 {[%emt 0:01:49]} Kxe7 {[%emt 0:00:12]} 22. Nd5+ {[%emt 0:01:08]} Ke8 {[%emt 0:00:14]} 23. Bxb8 {[%emt 0:00:15]} exf4 {[%emt 0:00:06]} 24. Bxf4 {[%emt 0:02:43]} Bxb2 {[%emt 0:01:34]} 25. Re1 {[%emt 0:05:03]} Ne6 {[%emt 0:06:33]} 26. Bf3 {[%emt 0:02:54]} N4c5 {[%emt 0:04:15]} 27. Be3 {[%emt 0:00:29]} Nd3 {[%emt 0:12:55]} 28. Re2 {[%emt 0:09:28]} a3 {[%emt 0:20:51]} 29. Nb6 {[%emt 0:00:18]} Nb4 {[%emt 0:00:11]} 30. Nxc8 {[%emt 0:00:29]} Nxa2 {[%emt 0:00:04]} 31. Nd6+ {[%emt 0:00:21]} Kf8 {[%emt 0:00:06]} 32. Nb5 {[%emt 0:01:34]} Nb4 {[%emt 0:00:14]} 33. Rxb2 {[%emt 0:07:43]} axb2 {[%emt 0:00:10]} 34. Be4 {[%emt 0:00:05]} f5 {[%emt 0:02:44]} 35. Bb1 {[%emt 0:00:08]} Nc6 {[%emt 0:01:57]} 36. Na3 {[%emt 0:02:25]} Ke7 {[%emt 0:00:12]} 37. Kf1 {[%emt 0:00:34]} Kd6 {[%emt 0:00:10]} 38. Ke1 {[%emt 0:01:06]} Ke5 {[%emt 0:01:54]} 39. Kd2 {[%emt 0:02:23]} Nf4 {[%emt 0:01:29]} 40. g3 {[%emt 0:02:31]} Ne6 {[%emt 0:00:27]} 41. Kc3 {[%emt 0:01:39]} Ncd4 {[%emt 0:00:16]} 42. Bf4+ {[%emt 0:05:47]} Kf6 {[%emt 0:00:18]} 43. Bd6 {[%emt 0:00:09]} Nf3 {[%emt 0:00:23]} 44. h4 {[%emt 0:02:44]} h6 {[%emt 0:05:23]} 45. Kxb2 {[%emt 0:02:03]} g5 {[%emt 0:00:18]} 46. hxg5+ {[%emt 0:00:07]} Kxg5 {[%emt 0:02:03]} 47. c5 {[%emt 0:00:57]} Nd2 {[%emt 0:03:14]} 48. Ba2 {[%emt 0:00:51]} Kf6 {[%emt 0:00:56]} 49. Bd5 {[%emt 0:06:34]} Ne4 {[%emt 0:00:17]} 50. Bxe4 {[%emt 0:00:06]} fxe4 {[%emt 0:00:03]} 51. Nc4 {[%emt 0:00:08]} Kg5 {[%emt 0:02:28]} 52. Ne3 {[%emt 0:00:25]} h5 {[%emt 0:00:46]} 53. Kc3 {[%emt 0:00:10]} h4 {[%emt 0:00:07]} 54. Be7+ {[%emt 0:00:10]} Kh5 {[%emt 0:00:06]} 55. gxh4 {[%emt 0:00:18]} Nxc5 {[%emt 0:00:04]} 56. Bxc5 {[%emt 0:00:11]} Kxh4 {[%emt 0:00:03]} 57. Kd4 {[%emt 0:00:13]} b6 {[%emt 0:00:04]} 58. Bb4 {[%emt 0:00:33]} b5 {[%emt 0:00:14]} 59. Kxe4 {[%emt 0:00:05]} Kg5 {[%emt 0:00:02]} 60. Nd5 {[%emt 0:01:06]} Kg4 {[%emt 0:00:07]} 61. Bd6 {[%emt 0:00:26]} b4 {[%emt 0:00:06]} 62. Nxb4 {[%emt 0:00:04]} Kg5 {[%emt 0:00:05]} 63. Nd5 {[%emt 0:00:15]} Kg6 {[%emt 0:00:13]} 64. Kf4 {[%emt 0:00:14]} Kg7 {[%emt 0:00:13]} 65. Kg5 {[%emt 0:00:08]} Kf7 {[%emt 0:00:05]} 66. Nc7 {[%emt 0:00:10]} Kg7 {[%emt 0:00:03]} 67. Be7 {[%emt 0:00:43]} Kf7 {[%emt 0:00:07]} 68. Bf6 {[%emt 0:00:04]} Kf8 {[%emt 0:00:04]} 69. Kg6 {[%emt 0:00:04]} Kg8 {[%emt 0:00:02]} 70. Be7 {[%emt 0:00:08]} 1-0

[Event "Hunan Belt and Road Open 2019"]
[Site "Hunan"]
[Date "2019.07.29"]
[Round "1.16"]
[White "Li, Shilong"]
[Black "Parligras, Mircea-Emilian"]
[Result "0-1"]
[WhiteElo "2457"]
[BlackElo "2638"]
[Annotator "ChessBase"]
[PlyCount "128"]
[EventDate "2019.07.29"]
[EventType "swiss"]
[EventCountry "CHN"]
[SourceTitle "playchess.com"]
[Source "ChessBase"]
[SourceQuality "1"]
[TimeControl "5400+30"]

1. d4 {[%emt 0:00:00]} Nf6 {[%emt 0:00:00]} 2. c4 {[%emt 0:00:00]} e6 {[%emt 0:00:00]} 3. Nf3 {[%emt 0:00:14]} d5 {[%emt 0:00:00]} 4. Nc3 {[%emt 0:01:30]} Bb4 {[%emt 0:01:36]} 5. Bg5 {[%emt 0:07:55]} dxc4 {[%emt 0:01:20]} 6. e4 {[%emt 0:08:40]} h6 {[%emt 0:00:59]} 7. Bxf6 {[%emt 0:00:53]} Qxf6 {[%emt 0:00:08]} 8. Bxc4 {[%emt 0:00:08]} c5 {[%emt 0:01:00]} 9. O-O {[%emt 0:01:39]} cxd4 {[%emt 0:04:21]} 10. e5 {[%emt 0:08:23]} Qd8 {[%emt 0:02:35]} 11. Ne4 {[%emt 0:02:36]} O-O {[%emt 0:04:43]} 12. Qe2 {[%emt 0:06:28]} Be7 {[%emt 0:00:34]} 13. Rad1 {[%emt 0:09:22]} Qc7 {[%emt 0:01:27]} 14. Ng3 {[%emt 0:21:53]} Rd8 {[%emt 0:01:21]} 15. Nxd4 {[%emt 0:06:37]} Bd7 {[%emt 0:12:49]} 16. Nh5 {[%emt 0:19:03]} Bf8 {[%emt 0:16:13]} 17. Bd3 {[%emt 0:02:11]} Bc6 {[%emt 0:02:58]} 18. Bb1 {[%emt 0:00:26]} Qe7 {[%emt 0:15:28]} 19. Rd3 {[%emt 0:00:52]} Qh4 {[%emt 0:05:04]} 20. Rfd1 {[%emt 0:00:23]} Ba4 {[%emt 0:07:54]} 21. b3 {[%emt 0:00:36]} Nc6 {[%emt 0:00:14]} 22. Nxc6 {[%emt 0:00:35]} Bxc6 {[%emt 0:00:12]} 23. Rxd8 {[%emt 0:00:26]} Rxd8 {[%emt 0:00:06]} 24. Nf6+ {[%emt 0:00:02]} gxf6 {[%emt 0:00:12]} 25. Rxd8 {[%emt 0:00:04]} Qg5 {[%emt 0:04:31]} 26. f4 {[%emt 0:01:27]} Qxf4 {[%emt 0:00:04]} 27. exf6 {[%emt 0:00:20]} Qxf6 {[%emt 0:00:18]} 28. Qc2 {[%emt 0:00:37]} Qg7 {[%emt 0:00:12]} 29. g3 {[%emt 0:00:37]} f5 {[%emt 0:01:13]} 30. Qc5 {[%emt 0:00:31]} Qf6 {[%emt 0:00:40]} 31. Qd6 {[%emt 0:00:29]} Kg7 {[%emt 0:00:48]} 32. Qc7+ {[%emt 0:00:12]} Kg6 {[%emt 0:00:26]} 33. g4 {[%emt 0:00:46]} Qb2 {[%emt 0:04:54]} 34. gxf5+ {[%emt 0:00:30]} Kh5 {[%emt 0:00:05]} 35. Bc2 {[%emt 0:00:30]} Qxc2 {[%emt 0:07:59]} 36. Qf7+ {[%emt 0:00:09]} Kh4 {[%emt 0:00:04]} 37. Rd4+ {[%emt 0:00:07]} Be4 {[%emt 0:00:05]} 38. Rxe4+ {[%emt 0:01:09]} Qxe4 {[%emt 0:00:05]} 39. Qxf8 {[%emt 0:00:03]} Qb1+ {[%emt 0:01:43]} 40. Kg2 {[%emt 0:00:07]} Qxa2+ {[%emt 0:00:07]} 41. Kg1 {[%emt 0:00:18]} Qb1+ {[%emt 0:00:07]} 42. Kg2 {[%emt 0:00:09]} Qe4+ {[%emt 0:00:45]} 43. Kg1 {[%emt 0:00:17]} Qg4+ {[%emt 0:01:44]} 44. Kh1 {[%emt 0:00:08]} Qd1+ {[%emt 0:01:15]} 45. Kg2 {[%emt 0:00:05]} Qc2+ {[%emt 0:00:54]} 46. Kg1 {[%emt 0:00:29]} Qc1+ {[%emt 0:00:51]} 47. Kf2 {[%emt 0:01:07]} Qf4+ {[%emt 0:00:26]} 48. Ke1 {[%emt 0:00:29]} exf5 {[%emt 0:00:32]} 49. Kd1 {[%emt 0:02:13]} Kh3 {[%emt 0:00:51]} 50. Qf7 {[%emt 0:00:20]} Kxh2 {[%emt 0:00:21]} 51. Kc2 {[%emt 0:00:15]} Qf3 {[%emt 0:01:16]} 52. Kb2 {[%emt 0:00:13]} h5 {[%emt 0:00:19]} 53. Qe7 {[%emt 0:00:44]} f4 {[%emt 0:00:41]} 54. Ka3 {[%emt 0:00:20]} a6 {[%emt 0:01:03]} 55. Qg5 {[%emt 0:00:48]} Qg4 {[%emt 0:00:24]} 56. Qc5 {[%emt 0:00:12]} f3 {[%emt 0:00:17]} 57. Qf2+ {[%emt 0:00:12]} Kh3 {[%emt 0:00:11]} 58. Qf1+ {[%emt 0:00:13]} Qg2 {[%emt 0:00:10]} 59. Qd3 {[%emt 0:00:04]} h4 {[%emt 0:00:16]} 60. Qd7+ {[%emt 0:00:40]} Kh2 {[%emt 0:00:28]} 61. Qc7+ {[%emt 0:01:03]} Qg3 {[%emt 0:00:11]} 62. Qxb7 {[%emt 0:00:30]} f2 {[%emt 0:00:22]} 63. Qxa6 {[%emt 0:00:09]} Kg1 {[%emt 0:00:06]} 64. Qb6 {[%emt 0:00:08]} h3 {[%emt 0:00:06]} 0-1

[Event "Hunan Belt and Road Open 2019"]
[Site "Hunan"]
[Date "2019.07.29"]
[Round "1.17"]
[White "Nguyen, Ngoc Truong Son"]
[Black "Zhu, Jiner"]
[Result "1-0"]
[WhiteElo "2636"]
[BlackElo "2454"]
[Annotator "ChessBase"]
[PlyCount "109"]
[EventDate "2019.07.29"]
[EventType "swiss"]
[EventCountry "CHN"]
[SourceTitle "playchess.com"]
[Source "ChessBase"]
[SourceQuality "1"]
[TimeControl "5400+30"]

1. e4 {[%emt 0:00:00]} e5 {[%emt 0:00:00]} 2. Nf3 {[%emt 0:00:00]} Nc6 {[%emt 0:00:00]} 3. Bb5 {[%emt 0:00:12]} a6 {[%emt 0:00:13]} 4. Ba4 {[%emt 0:00:47]} Nf6 {[%emt 0:00:11]} 5. O-O {[%emt 0:00:17]} Be7 {[%emt 0:00:13]} 6. Re1 {[%emt 0:00:20]} b5 {[%emt 0:00:07]} 7. Bb3 {[%emt 0:00:08]} O-O {[%emt 0:00:08]} 8. c3 {[%emt 0:01:34]} d6 {[%emt 0:00:10]} 9. d4 {[%emt 0:07:55]} exd4 {[%emt 0:02:51]} 10. cxd4 {[%emt 0:01:33]} Bg4 {[%emt 0:00:11]} 11. Nc3 {[%emt 0:02:08]} Na5 {[%emt 0:05:48]} 12. Bc2 {[%emt 0:08:23]} c5 {[%emt 0:01:09]} 13. dxc5 {[%emt 0:11:01]} dxc5 {[%emt 0:00:22]} 14. h3 {[%emt 0:25:22]} Qxd1 {[%emt 0:07:02]} 15. Rxd1 {[%emt 0:01:11]} Bxf3 {[%emt 0:04:47]} 16. gxf3 {[%emt 0:00:11]} Rfd8 {[%emt 0:01:14]} 17. e5 {[%emt 0:04:13]} Rxd1+ {[%emt 0:12:29]} 18. Bxd1 {[%emt 0:01:28]} Nd7 {[%emt 0:06:13]} 19. Nd5 {[%emt 0:00:48]} Bd8 {[%emt 0:00:55]} 20. f4 {[%emt 0:00:21]} Nb6 {[%emt 0:14:40]} 21. Bf3 {[%emt 0:01:03]} Rc8 {[%emt 0:00:21]} 22. Kg2 {[%emt 0:05:59]} Nc6 {[%emt 0:04:50]} 23. Be3 {[%emt 0:02:07]} Nc4 {[%emt 0:02:17]} 24. Bg4 {[%emt 0:01:43]} Nxe3+ {[%emt 0:01:05]} 25. fxe3 {[%emt 0:00:57]} Rb8 {[%emt 0:00:20]} 26. Rc1 {[%emt 0:03:31]} c4 {[%emt 0:04:54]} 27. b3 {[%emt 0:00:40]} Na5 {[%emt 0:00:47]} 28. bxc4 {[%emt 0:00:47]} Nxc4 {[%emt 0:01:39]} 29. Be2 {[%emt 0:00:38]} Rc8 {[%emt 0:00:55]} 30. Bxc4 {[%emt 0:00:33]} bxc4 {[%emt 0:00:16]} 31. Kf3 {[%emt 0:00:58]} f5 {[%emt 0:09:06]} 32. e4 {[%emt 0:02:51]} fxe4+ {[%emt 0:05:13]} 33. Kxe4 {[%emt 0:00:04]} g6 {[%emt 0:00:04]} 34. Rc3 {[%emt 0:00:44]} Kf7 {[%emt 0:05:32]} 35. Ne3 {[%emt 0:00:08]} Ke6 {[%emt 0:00:28]} 36. Rxc4 {[%emt 0:00:09]} Rxc4+ {[%emt 0:00:08]} 37. Nxc4 {[%emt 0:00:04]} Be7 {[%emt 0:00:56]} 38. Nd2 {[%emt 0:00:17]} h6 {[%emt 0:01:43]} 39. Nb3 {[%emt 0:00:29]} Bb4 {[%emt 0:02:55]} 40. Nd4+ {[%emt 0:00:53]} Kf7 {[%emt 0:00:07]} 41. f5 {[%emt 0:00:56]} gxf5+ {[%emt 0:00:20]} 42. Kxf5 {[%emt 0:00:08]} Bd2 {[%emt 0:00:18]} 43. Nc6 {[%emt 0:00:58]} a5 {[%emt 0:01:09]} 44. a4 {[%emt 0:00:16]} Bc3 {[%emt 0:00:13]} 45. h4 {[%emt 0:00:46]} Be1 {[%emt 0:00:28]} 46. h5 {[%emt 0:00:10]} Bc3 {[%emt 0:00:50]} 47. Ke4 {[%emt 0:08:23]} Ke6 {[%emt 0:02:23]} 48. Nd4+ {[%emt 0:00:05]} Kf7 {[%emt 0:00:03]} 49. Kd5 {[%emt 0:00:06]} Bb2 {[%emt 0:01:18]} 50. Nc6 {[%emt 0:00:11]} Bc3 {[%emt 0:00:03]} 51. Kd6 {[%emt 0:00:11]} Ke8 {[%emt 0:00:07]} 52. Ke6 {[%emt 0:00:05]} Bd2 {[%emt 0:00:38]} 53. Nd4 {[%emt 0:00:40]} Be3 {[%emt 0:02:18]} 54. Nf5 {[%emt 0:00:07]} Bf4 {[%emt 0:00:06]} 55. Nd6+ {[%emt 0:00:08]} 1-0

[Event "Hunan Belt and Road Open 2019"]
[Site "Hunan"]
[Date "2019.07.29"]
[Round "1.18"]
[White "Liu, Guanchu"]
[Black "Zhao, Jun"]
[Result "0-1"]
[WhiteElo "2449"]
[BlackElo "2636"]
[Annotator "ChessBase"]
[PlyCount "82"]
[EventDate "2019.07.29"]
[EventType "swiss"]
[EventCountry "CHN"]
[SourceTitle "playchess.com"]
[Source "ChessBase"]
[SourceQuality "1"]
[TimeControl "5400+30"]

1. e4 {[%emt 0:00:00]} c5 {[%emt 0:00:00]} 2. Nf3 {[%emt 0:00:10]} Nc6 {[%emt 0:00:00]} 3. d4 {[%emt 0:00:41]} cxd4 {[%emt 0:00:07]} 4. Nxd4 {[%emt 0:00:08]} Qb6 {[%emt 0:00:12]} 5. Nb3 {[%emt 0:02:41]} e6 {[%emt 0:01:25]} 6. g3 {[%emt 0:05:03]} Nf6 {[%emt 0:16:24]} 7. Bg2 {[%emt 0:01:58]} Be7 {[%emt 0:00:23]} 8. O-O {[%emt 0:00:53]} O-O {[%emt 0:00:05]} 9. Nc3 {[%emt 0:04:45]} a6 {[%emt 0:12:16]} 10. Be3 {[%emt 0:12:02]} Qc7 {[%emt 0:00:05]} 11. f4 {[%emt 0:00:07]} d5 {[%emt 0:00:09]} 12. exd5 {[%emt 0:09:28]} Rd8 {[%emt 0:04:36]} 13. Nd4 {[%emt 0:13:01]} exd5 {[%emt 0:03:29]} 14. Kh1 {[%emt 0:00:14]} Na5 {[%emt 0:08:28]} 15. Bg1 {[%emt 0:04:52]} b5 {[%emt 0:04:19]} 16. Nce2 {[%emt 0:03:03]} Nc4 {[%emt 0:01:49]} 17. b3 {[%emt 0:00:39]} Nd6 {[%emt 0:00:07]} 18. a4 {[%emt 0:07:08]} b4 {[%emt 0:08:19]} 19. Rc1 {[%emt 0:03:40]} Nde4 {[%emt 0:07:08]} 20. Qd3 {[%emt 0:02:05]} Bb7 {[%emt 0:03:38]} 21. c3 {[%emt 0:05:26]} Qd7 {[%emt 0:06:21]} 22. Nf3 {[%emt 0:00:17]} a5 {[%emt 0:00:28]} 23. Ne5 {[%emt 0:03:46]} Qe8 {[%emt 0:00:04]} 24. cxb4 {[%emt 0:00:16]} Bxb4 {[%emt 0:00:30]} 25. Nd4 {[%emt 0:00:14]} Rdc8 {[%emt 0:04:57]} 26. Nb5 {[%emt 0:02:17]} Rxc1 {[%emt 0:00:34]} 27. Rxc1 {[%emt 0:00:07]} Rc8 {[%emt 0:00:02]} 28. Qd1 {[%emt 0:05:22]} h5 {[%emt 0:02:55]} 29. Bd4 {[%emt 0:01:19]} Qe6 {[%emt 0:05:24]} 30. Nd3 {[%emt 0:02:38]} Bf8 {[%emt 0:00:31]} 31. Qe1 {[%emt 0:00:35]} h4 {[%emt 0:05:11]} 32. gxh4 {[%emt 0:02:02]} Rxc1 {[%emt 0:00:06]} 33. Qxc1 {[%emt 0:00:12]} Qg4 {[%emt 0:00:11]} 34. Qe1 {[%emt 0:00:37]} Nh5 {[%emt 0:00:17]} 35. h3 {[%emt 0:03:33]} Qc8 {[%emt 0:01:35]} 36. Nc3 {[%emt 0:01:41]} Ba6 {[%emt 0:01:10]} 37. Nxe4 {[%emt 0:01:44]} dxe4 {[%emt 0:00:11]} 38. Nf2 {[%emt 0:00:15]} Nxf4 {[%emt 0:01:10]} 39. Bxe4 {[%emt 0:00:56]} Ne2 {[%emt 0:00:24]} 40. Be5 {[%emt 0:01:56]} Qc5 {[%emt 0:01:14]} 41. Ng4 {[%emt 0:02:03]} f6 {[%emt 0:00:11]} 0-1

[Event "Hunan Belt and Road Open 2019"]
[Site "Hunan"]
[Date "2019.07.29"]
[Round "1.19"]
[White "Sethuraman, S.P."]
[Black "Zhao, Yuanhe"]
[Result "1/2-1/2"]
[WhiteElo "2630"]
[BlackElo "2448"]
[Annotator "ChessBase"]
[PlyCount "80"]
[EventDate "2019.07.29"]
[EventType "swiss"]
[EventCountry "CHN"]
[SourceTitle "playchess.com"]
[Source "ChessBase"]
[SourceQuality "1"]
[TimeControl "5400+30"]

1. e4 {[%emt 4:04:34]} e5 {[%emt 0:00:08]} 2. Nf3 {[%emt 0:00:06]} Nf6 {[%emt 0:00:06]} 3. Nxe5 {[%emt 0:00:06]} d6 {[%emt 0:00:04]} 4. Nf3 {[%emt 0:00:06]} Nxe4 {[%emt 0:00:05]} 5. Nc3 {[%emt 0:00:06]} Nxc3 {[%emt 0:00:05]} 6. dxc3 {[%emt 0:00:05]} Nc6 {[%emt 0:00:06]} 7. Be3 {[%emt 0:00:28]} Be7 {[%emt 0:00:09]} 8. Bd3 {[%emt 0:00:00]} Bg4 {[%emt 0:05:30]} 9. h3 {[%emt 0:00:00]} Bh5 {[%emt 0:01:41]} 10. Be4 {[%emt 0:00:00]} Qd7 {[%emt 0:00:30]} 11. Qd5 {[%emt 0:00:00]} Bg6 {[%emt 0:06:27]} 12. Bxg6 {[%emt 0:00:00]} hxg6 {[%emt 0:00:05]} 13. O-O-O {[%emt 0:00:00]} Qf5 {[%emt 0:07:56]} 14. Qb3 {[%emt 0:00:00]} O-O-O {[%emt 0:00:25]} 15. Rd5 {[%emt 0:00:00]} Qe6 {[%emt 0:00:14]} 16. Re1 {[%emt 0:00:00]} Rh5 {[%emt 0:01:13]} 17. c4 {[%emt 0:00:00]} Qd7 {[%emt 0:04:57]} 18. Kb1 {[%emt 0:00:00]} a6 {[%emt 0:06:01]} 19. Nd2 {[%emt 0:00:00]} Qe6 {[%emt 0:01:58]} 20. Nf3 {[%emt 0:00:00]} Qd7 {[%emt 0:01:53]} 21. Bd2 {[%emt 0:00:00]} Bf6 {[%emt 0:08:48]} 22. Bc3 {[%emt 0:00:00]} Bxc3 {[%emt 0:05:09]} 23. Qxc3 {[%emt 0:00:00]} f6 {[%emt 0:00:49]} 24. Rdd1 {[%emt 0:00:00]} Qf7 {[%emt 0:10:15]} 25. b3 {[%emt 0:00:00]} Rhh8 {[%emt 0:03:58]} 26. Re3 {[%emt 0:00:00]} Rde8 {[%emt 0:02:24]} 27. Rde1 {[%emt 0:00:00]} g5 {[%emt 0:03:36]} 28. Qd3 {[%emt 0:00:00]} Qd7 {[%emt 0:06:23]} 29. Qg6 {[%emt 0:00:00]} Ne5 {[%emt 0:02:35]} 30. Qe4 {[%emt 0:00:00]} Re7 {[%emt 0:03:09]} 31. Qd4 {[%emt 0:00:00]} Kb8 {[%emt 0:00:41]} 32. Nd2 {[%emt 0:00:00]} Rhe8 {[%emt 0:00:49]} 33. Ne4 {[%emt 0:00:00]} Qf5 {[%emt 0:01:58]} 34. Qd5 {[%emt 0:00:00]} Qd7 {[%emt 0:04:25]} 35. Nc3 {[%emt 0:00:00]} Qc6 {[%emt 0:03:54]} 36. Kc1 {[%emt 0:00:00]} Qd7 {[%emt 0:03:58]} 37. Qd2 {[%emt 0:00:00]} Nc6 {[%emt 0:00:14]} 38. Nd5 {[%emt 0:00:00]} Rxe3 {[%emt 0:00:42]} 39. Rxe3 {[%emt 0:00:00]} Re5 {[%emt 0:00:08]} 40. Qd3 {[%emt 0:00:00]} Ne7 {[%emt 0:01:23]} 1/2-1/2